000
00250nam a2200109Ia 4500
005
20251222153640.0
008
251222s9999||||xx |||||||||||||| ||spa||
082
_a
869.56/A32
100
_a
"Aguirre Lynch, Andrés"
245
0
_a
Rapsodia
942
_c
LIB
999
_c
32708
_d
32708